000 00526nam a2200181Ia 4500
003 GCL
008 140319s9999 xx 000 0 ara d
040 _aGCL /
_cGCL
082 0 4 _a615
_bص ط
100 1 _aصلاح الدين محمد ابوالرب
245 1 0 _aالطب والصيدلية عبر العصور /
_cصلاح الدين محمد ابوالرب
300 _a183
490 _a100 قصة
_v0
650 0 4 _aالطب
650 0 4 _aالطب - تاريخ
650 0 4 _aالطب - تراجم
942 _2ddc
_cBK
999 _c44153
_d44153